A NOTE ON REDUCTION OF THE NUMBER OF PARAMETERS IN LINEAR STATISTICAL MODELS

Bibliographic Details
Main Author: Kubáček, Lubomír, 1931-2026 (Author)
Format: Article
Language:English

MARC

LEADER 00000nab a2200000uu 4500
001 vtls011450889
005 20260331143208.0
008 230222|2012 xo |||||||||||||||||eng|
015 |a SNBRB 
035 |a (urnnbn)urn:nbn:sk:snk:ar-006k5c 
035 |a (uuid)6adc5869-ba28-4d45-b62f-02f3ad4a1503 
035 |a urn:nbn:sk:snk-abcmz4 
040 |a SNKBUCL  |b slo  |c SNKBUCL  |e AACR2 
041 0 |a eng 
044 |a xo  |c SK 
100 1 |a Kubáček, Lubomír,  |d 1931-2026  |4 aut  |9 1635769 
245 1 2 |a A NOTE ON REDUCTION OF THE NUMBER OF PARAMETERS IN LINEAR STATISTICAL MODELS  |c Lubomír Kubáček 
773 0 |t Mathematica Slovaca  |g Roč. 62, č. 1 (2012), s. [143]-155 
958 |a OND 
958 |a EUIPO 
958 |a article16 
999 |c 2017142  |d 2019072